| 000 | 00593nam a2200193 a 4500 | ||
|---|---|---|---|
| 005 | 20220701130658.0 | ||
| 008 | 120614s2007 mx r 000 0 spa d | ||
| 020 | _a9789707707870 | ||
| 035 | _aUPN01000185100 | ||
| 049 | _aI | ||
| 050 | 4 |
_aPQ6653 E7.7 _bV4.7 |
|
| 100 | 1 |
_aCerrillo Torremocha, Pedro César, _d1951- _932277 |
|
| 245 | 1 | 0 |
_aVersos para jugar-- ¡y actuar! / _cPedro Cerrillo ; il. Elia Manero. |
| 260 |
_aMéxico : _bAlfaguara, _c2007. |
||
| 300 |
_a[40] p. : _bil. col. |
||
| 440 | 0 | _aAlfaguara infantil | |
| 650 | 0 |
_aPoesía infantil española _911100 |
|
| 905 | _aInfantil | ||
| 999 |
_c157203 _d157203 |
||